000 00808cam a22002413a 4500
001 14600
003 PGUSA
005 20140828083319.0
008 050105s2005||||xxu|||||s|||||000 | eng d
040 _aPGUSA
_beng
042 _adc
050 4 _aTS
100 1 _aWolfensberger, Arnold
245 1 0 _aTheory of Silk Weaving :
_bA Treatise on the Construction and Application of Weaves, and the Decomposition and Calculation of Broad and Narrow, Plain, Novelty and Jacquard Silk Fabrics
_h[electronic resource] /
_cArnold Wolfensberger
260 _bProject Gutenberg,
_c2005
506 _aPublic domain in the USA.
516 _aElectronic text
653 _aWeaving
653 _aSilk industry
830 0 _aProject Gutenberg
_v14600
856 4 0 _uhttp://www.gutenberg.org/ebooks/14600
942 _cEB
999 _c243855
_d243855